000
00340nam a2200145Ia 4500
008
230718s9999 xx 000 0 und d
041
_a
Eng.
082
_a
346.047
_b
JUS-A
100
_a
justice faazal karim
245
0
_a
acess of justice
260
_a
Pakistan
_b
pakistan law house
_c
2020
300
_a
626
650
_a
Law
999
_c
33033
_d
33033